000 00593nam a2200205Ia 4500
003 IIN
005 20250520103614.0
008 250520s2023 xx ad 000 0 eng d
020 _a9789393885739
_cRs.750.00
040 _aIIN
_bEnglish
082 _a610.73
_bANB
100 1 _aAnbu, T
245 1 _aExam Booster Third Semester Basic B.Sc Nursing /
_cT. Anbu & G. Loganathan
260 _aBangalore :
_bEMMESS,
_c2023
300 _avi, 478p.
_bill.
500 _a According to INC new syllabus 2021-22 onwards
650 _aQuestion Solved
_vNursing
700 1 _aLoganathan, G
942 _cBOOK
999 _c1819
_d1819